Pokémon 1ère génération (images) - Statistiques

Statistiques générales
  • Ce quiz a été pris 434 fois
  • Le résultat moyen est 112 sur 151
Statistiques - réponses
Par images Réponse % Correct
Bulbizarre
99%
Salamèche
99%
Carapuce
98%
Tortank
98%
Dracaufeu
97%
Pikachu
97%
Rattata
96%
Reptincel
95%
Florizarre
94%
Raichu
94%
Chenipan
93%
Carabaffe
92%
Herbizarre
92%
Aspicot
91%
Rondoudou
91%
Goupix
90%
Mélofée
90%
Miaouss
90%
Rattatac
90%
Abo
89%
Taupiqueur
88%
Roucool
87%
Feunard
86%
Roucoups
86%
Nidoran
85%
Racaillou
85%
Sabelette
85%
Tadmorv
85%
Grotadmorv
84%
Nidoran
84%
Onix
84%
Papilusion
84%
Ponyta
84%
Machoc
83%
Nidoking
83%
Abra
82%
Alakazam
82%
Chrysacier
82%
Magnéti
82%
Piafabec
82%
Roucarnage
82%
Nidoqueen
81%
Nosferapti
81%
Psykokwak
81%
Arbok
80%
Caninos
80%
Grodoudou
80%
Ramoloss
80%
Smogo
80%
Smogogo
80%
Akwakwak
79%
Arcanin
79%
Doduo
79%
Ectoplasma
79%
Férosinge
79%
Machopeur
79%
Nidorina
79%
Nidorino
79%
Tentacruel
79%
Canarticho
78%
Evoli
78%
Mystherbe
78%
Stari
78%
Tentacool
78%
Aquali
77%
Fantominus
77%
Grolem
77%
Magicarpe
77%
Mélodelfe
77%
Sablaireau
77%
Spectrum
77%
Galopa
76%
Léviator
76%
Magnéton
76%
Ronflex
76%
Coconfort
75%
Kadabra
75%
Nosferalto
75%
Persian
75%
Gravalanch
74%
Pyroli
74%
Noeunoeuf
73%
Osselait
73%
Voltorbe
73%
Boustiflor
72%
Krabby
72%
Mackogneur
72%
Mew
72%
Ossatueur
72%
Paras
72%
Ptitard
72%
Colossinge
71%
Métamorph
71%
Staross
71%
Voltali
71%
Dardargnan
70%
Dracolosse
70%
Insécateur
70%
Krabboss
70%
Lippoutou
70%
Triopikeur
69%
Draco
68%
Mewtwo
68%
Magmar
67%
Minidraco
67%
Poissirène
67%
Rafflesia
67%
Tauros
67%
Tygnon
67%
Dodrio
66%
Kicklee
66%
Leveinard
66%
Noadkoko
66%
Rapasdepic
66%
Artikodin
65%
Chétiflor
65%
Excelangue
65%
Ptéra
65%
Porygon
64%
Sulfura
64%
Flagadoss
63%
Lamantine
63%
Kangourex
62%
M.Mime
62%
Ortide
62%
Scarabrute
62%
Electrode
61%
Hypnomade
61%
Parasect
61%
Soporifik
61%
Lokhlass
60%
Mimitoss
60%
Elektek
59%
Empiflor
59%
Rhinocorne
59%
Tartard
59%
Têtarte
59%
Rhinoféros
58%
Kabuto
56%
Otaria
54%
Saquedeneu
54%
Amonistar
53%
Amonita
53%
Crustabri
53%
Electhor
53%
Poissoroy
53%
Aéromite
52%
Hypocéan
52%
Hypotrempe
52%
Kabutops
52%
Kokiyas
49%
Aucun quiz correspondant
Distribution des résultats
% des personnes avec chaque résultat
Percentile par nombre de réponses
Votre historique - résultats
Vous n’avez pas pris ce quiz